The Barthes Fantastic : (Record no. 1715152)

MARC details
000 -LEADER
fixed length control field 00488 a2200169 4500
005 - DATE AND TIME OF LATEST TRANSACTION
control field 20260408121201.0
008 - FIXED-LENGTH DATA ELEMENTS--GENERAL INFORMATION
fixed length control field 260408b |||||||| |||| 00| 0 eng d
020 ## - INTERNATIONAL STANDARD BOOK NUMBER
International Standard Book Number 9780226839981
040 ## - CATALOGING SOURCE
Transcribing agency SDCL
041 ## - LANGUAGE CODE
Source of code eng
Language code of text/sound track or separate title eng
084 ## - COLON CLASSIFICATION NUMBER
Classification number O122,6N15:g R5
100 ## - MAIN ENTRY--PERSONAL NAME
Personal name Lurz, John
245 ## - TITLE STATEMENT
Title The Barthes Fantastic :
Remainder of title Literature, Criticism, and the Practice of Language
260 ## - PUBLICATION, DISTRIBUTION, ETC.
Place of publication, distribution, etc. Chicago :
Name of publisher, distributor, etc. University of Chicago,
Date of publication, distribution, etc. 2025.
300 ## - PHYSICAL DESCRIPTION
Extent xxiii, 173p.
942 ## - ADDED ENTRY ELEMENTS (KOHA)
Koha item type Textual
Source of classification or shelving scheme Colon Classification (CC)
100 ## - MAIN ENTRY--PERSONAL NAME
-- 1234317
999 ## -
-- 1715152
-- 1715152
Holdings
Withdrawn status Lost status Source of classification or shelving scheme Damaged status Not for loan Home library Current library Date acquired Source of acquisition Cost, normal purchase price Inventory number Total checkouts Full call number Barcode Date last seen Cost, replacement price Price effective from Koha item type
    Colon Classification (CC)     South Campus Library South Campus Library 2026-03-12 30 2023.12 155 & 29/01/2026   O122,6N15:g R5 SC1809611 2026-03-12 2528.90 2026-03-12 Textual
Copyright @ Delhi University Library System